000 00624nam a2200229Ia 4500
003 OSt
005 20220928120651.0
006 a|||||r|||| 00| 0
007 ta
008 220927b |||||||| |||| 00| 0 eng d
024 _a145314
037 _cTextual
040 _aSDCL
_cSDCL
_beng
041 _2eng
_aeng
082 _aY:1.2'A, L1
100 _aBhargava Purushottam Lal
_9450542
245 0 _aIndia in the vedic age.
260 _aAminabad
_bUpper India Publishing
_c1971
300 _axii,396p.
_ccm.
942 _hY:1.2'A, L1
_cTEXL
_2CC
999 _c764750
_d764750